The two sides in NFO's battle.

Bibliographic Details
Main Author: Brandsberg, George
Format: Book
Language:English
Published: Ames : Iowa State University Press, 1964.
Subjects:

MARC

Tag First Indicator Second Indicator Subfields
LEADER 00000cam a2200000 4500
001 in00000048627
005 20151007073549.0
008 741007s1964 iau b 00000 eng u
010 |a  64013373  
035 |a (OCoLC)01034083 
035 |9 AAE9947AM 
040 |c ANC  |d TXA  |d UtOrBLW 
049 |a TXAM  |c [451737] 
050 0 |a S22  |b .B78 
082 0 |a 630.6273 
092 |a 630.6273  |b B819t, 1964 
100 1 |a Brandsberg, George. 
245 1 4 |a The two sides in NFO's battle. 
264 1 |a Ames :  |b Iowa State University Press,  |c 1964. 
300 |a xii, 301 pages ;  |c 22 cm. 
336 |a text  |b txt  |2 rdacontent 
337 |a unmediated  |b n  |2 rdamedia 
338 |a volume  |b nc  |2 rdacarrier 
504 |a "Notes" (bibliographical): pages 285-293. 
610 2 0 |a National Farmers Organization (U.S.) 
999 |a MARS 
999 f f |s fe946576-ba01-3df8-8814-5a1cf2d75b00  |i fee42fdc-1f35-3c66-b117-dd11b036eb6d  |t 0 
952 f f |p ric  |a Texas A&M University  |b Rellis Campus  |c Joint Library Facility  |d Remote Storage  |t 0  |e S22 .B78  |h Library of Congress classification  |i unmediated -- volume  |m A14801055356 
998 f f |a S22 .B78  |t 0  |l Remote Storage